Guess the FC Barcelona player #1 - Statistics

General Stats
  • This quiz has been taken 40 times
  • The average score is 10 of 16
Answer Stats
Picture Answer % Correct
Sergio Busquets
95%
Ousmane Dembélé
87%
Ronaldinho
87%
Antoine Griezmann
84%
Jules Koundé
82%
Raphinha
82%
Ronald Araújo
82%
João Cancelo
68%
Fermín López
61%
Claudio Bravo
58%
Kevin-Prince Boateng
47%
Francisco Trincão
42%
Malcom
34%
Giovanni van Bronckhorst
21%
Bernd Schuster
16%
Luis García
5%
No matching quizzes found
Score Distribution
Percent of People with Each Score
Percentile by Number Answered
Your Score History
You have not taken this quiz